000 00541nam a22001937a 4500
999 _c169319
_d169319
005 20191114162544.0
010 _aENG-126904
020 _c399.00
_a9789350095676
035 _aEN-110436
037 _bDBAD/PUB
082 _aN
100 _aKay, Aditya
245 _aEmperor Vikramaditya /
_cby Aditya Kay
260 _aGurugram
_bHachette Book Publishing
_c2019
270 _a4th / 5th Floors, Corporate Centre, Plot No.94, Sector-44, Gurugram
_e122003
300 _axvi;384p.
_c19cm(pbk)
700 _a
942 _2ddc
_cEN
_hN
_mKAY